Emerson Lake & Palmer - Tarkus Lyrics - Statistics

General Stats
  • This quiz has been taken 6 times
  • The average score is 262 of 328
Answer Stats
Lyrics % Correct
a
100%
A
100%
arrived
100%
be
100%
cared
100%
choir
100%
dead
100%
From
100%
from
100%
hate
100%
Have
100%
he
100%
He's
100%
In
100%
in
100%
just
100%
late
100%
minister
100%
of
100%
save
100%
saved
100%
stones
100%
the
100%
The
100%
to
100%
To
100%
too
100%
Who
100%
years
100%
you
100%
You
100%
All
80%
all
80%
And
80%
and
80%
anything
80%
are
80%
Are
80%
arrows
80%
ashes
80%
at
80%
battlefield
80%
been
80%
bell
80%
blade
80%
call
80%
can
80%
can't
80%
children
80%
Commiting
80%
could
80%
dawn
80%
days
80%
deaf
80%
ears
80%
earth
80%
ever
80%
every
80%
Every
80%
eyes
80%
fall
80%
fly
80%
freedom
80%
full
80%
good
80%
grave
80%
ground
80%
Had
80%
had
80%
hair
80%
harmonic
80%
Has
80%
has
80%
head
80%
hear
80%
hears
80%
his
80%
how
80%
How
80%
is
80%
it
80%
know
80%
Know
80%
let
80%
made
80%
me
80%
on
80%
our
80%
prayer
80%
preacher
80%
profit
80%
Realize
80%
realize
80%
rhyme
80%
said
80%
scorched
80%
see
80%
seen
80%
sign
80%
sin
80%
sing
80%
single
80%
so
80%
So
80%
sorrow
80%
spared
80%
speak
80%
starving
80%
talk
80%
talked
80%
Taste
80%
that
80%
there
80%
time
80%
torch
80%
unwise
80%
victory
80%
walked
80%
waters
80%
weaver
80%
web
80%
When
80%
when
80%
where
80%
Where
80%
Will
80%
will
80%
winds
80%
wine
80%
your
80%
you've
80%
armies
60%
bishop
60%
Did
60%
disgrace
60%
grass
60%
growing
60%
known
60%
lie
60%
nearer
60%
Never
60%
no
60%
overgrown
60%
pain
60%
pilgrim
60%
rings
60%
season's
60%
seed
60%
sharp
60%
silent
60%
slowly
60%
sown?
60%
Then
60%
victims
60%
wandered
60%
Were
60%
We're
60%
you'd
60%
across
40%
belief
40%
beside
40%
blades
40%
bless
40%
Bring
40%
cardinal
40%
Clear
40%
cloak
40%
darkness
40%
face
40%
fear
40%
fell
40%
grief
40%
he'd
40%
high
40%
jaded
40%
leaves
40%
messenger
40%
obeyed
40%
ones
40%
prayed
40%
priest
40%
Scattered
40%
set
40%
sound
40%
stand
40%
their
40%
took
40%
was
40%
watch
40%
you'll
40%
rain
20%
silence
20%
spectral
20%
Without
20%
turned
0%
No matching quizzes found
Score Distribution
Percent of People with Each Score
Percentile by Number Answered
Your Score History
You have not taken this quiz